Dalit feminist discourse: Voices in dalit writings (Record no. 394678)

MARC details
000 -LEADER
fixed length control field 00574 a2200217 4500
005 - DATE & TIME
control field 20260314095029.0
008 - FIXED-LENGTH DATA ELEMENTS--GENERAL INFORMATION
fixed length control field 260313b |||||||| |||| 00| 0 eng d
020 ## - ISBN
International Standard Book Number 978935002846
Price Rs. 695.00
040 ## - CATALOGING SOURCE
Original cataloging agency VIVEKANANDA LIBRARY
082 ## - DDC NUMBER
Classification number 305.56880954
Book Number A97D
100 ## - MAIN ENTRY--PERSONAL NAME
Personal name Arya, Charu, ed.
245 ## - TITLE STATEMENT
Title Dalit feminist discourse: Voices in dalit writings
260 ## - PUBLICATION, DISTRIBUTION, ETC. (IMPRINT)
Name of publisher, distributor, etc Aakar Books
Place of publication, distribution, etc Delhi
Date of publication, distribution, etc 2024
300 ## - PHYSICAL DESCRIPTION
Pages 228
650 ## - Subject
Subject Socialogy
650 ## - Subject
Subject Social Groups
650 ## - Subject
Subject Scheduled Casts
650 ## - Subject
Subject Dalit Women-India
700 ## - Added Entry Personal Name
Added Entry Personal Name Deka, Nabanita, ed.
942 ## - ADDED ENTRY ELEMENTS (KOHA)
Koha item type Books
Holdings
Withdrawn status Lost status Source of classification or shelving scheme Damaged status Not for loan Location (home branch) Sublocation or collection (holding branch) Shelving location Date acquired Koha issues (times borrowed) Koha full call number Accession No. Koha date last seen Koha item type
    Dewey Decimal Classification     VIVEKANANDA LIBRARY VIVEKANANDA LIBRARY Vivekananda Library 18/02/2026   305.56880954 A97D 438459 18/02/2026 Books
© Designed and Maintained by Vivekananda Library, MDU Rohtak